| 000 | 00428cam a2200181ua 4500 | ||
|---|---|---|---|
| 001 | 3556 | ||
| 008 | 111117n ii |||gr||||Z||||||asm | ||
| 040 | _cMAIN | ||
| 082 | _a891.4513 | ||
| 100 | 1 | _aGohainbaruah, Padmanath, | |
| 245 | 1 | 1 |
_aLahori _cby Padmanath Gohainbaruah |
| 250 | _a6th. | ||
| 260 |
_aGolaghat: _bPustak Bhandar,972. |
||
| 300 |
_a152p: _c23cm. |
||
| 653 | _aAssamese novel | ||
| 653 | _aLahori | ||
| 942 | _cBK | ||
| 999 |
_c3397 _d3397 |
||